Estatísticas para Os 15 principais países afetados pela Covid-19 - 25 abr 2021

Clique aqui para jogar o quiz

Estatísticas Gerais

  • Esse quiz foi jogado 14 vezes
  • A pontuação média é 18 de 28

Estatísticas das Respostas

país% Correto
Argentina
100%
Brasil
100%
Estados Unidos
100%
França
100%
Alemanha
88%
Índia
88%
Irão
88%
Israel
88%
Itália
88%
Reino Unido
88%
Colômbia
75%
Espanha
75%
México
75%
Polônia
75%
Portugal
75%
Rússia
63%
Hungria
50%
Suécia
50%
Bélgica
38%
Croácia
38%
Eslovénia
38%
Estônia
38%
Turquia
38%
Bahrein
25%
Chéquia
25%
Lituânia
25%
Panamá
25%
Países Baixos
13%

Distribuição das Pontuações

Percentil de Números Respondidos

Porcentagem de Pessoas com Cada Pontuação

Sua Pontuação Histórica

Você não jogou esse quiz